| Tag |
First Indicator |
Second Indicator |
Subfields |
| LEADER |
00000cam a2200000 4500 |
| 001 |
in00000068575 |
| 005 |
20151008050234.0 |
| 008 |
750519s1923 enk 00000 eng u |
| 010 |
|
|
|a 23011401
|
| 035 |
|
|
|a (OCoLC)01342735
|
| 035 |
|
|
|9 AAG0113AM
|
| 040 |
|
|
|c BCT
|d TXA
|d UtOrBLW
|
| 049 |
|
|
|a TXAM
|c [215709]
|
| 050 |
0 |
0 |
|a HC45
|b .O3
|
| 092 |
|
|
|a 330.4
|b O13e
|
| 100 |
1 |
|
|a O'Brien, George,
|d 1892-1973.
|
| 245 |
1 |
3 |
|a An essay on the economic effects of the reformation /
|c by George O'Brien.
|
| 264 |
|
1 |
|a London :
|b Burns, Oates & Washbourne,
|c 1923.
|
| 300 |
|
|
|a x, 194 pages ;
|c 21 cm.
|
| 336 |
|
|
|a text
|b txt
|2 rdacontent
|
| 337 |
|
|
|a unmediated
|b n
|2 rdamedia
|
| 338 |
|
|
|a volume
|b nc
|2 rdacarrier
|
| 505 |
0 |
|
|a The economic effects of the reformation in general.--Protestantism and capitalism.--Protestantism and socialism.--Conclusion.
|
| 650 |
|
0 |
|a Reformation.
|
| 650 |
|
0 |
|a Capitalism.
|
| 650 |
|
0 |
|a Socialism.
|
| 740 |
0 |
|
|a Economic effects of the reformation.
|
| 999 |
|
|
|a MARS
|
| 999 |
f |
f |
|s 34c11f27-40be-3edc-9ed8-e28a28a85528
|i 7bb1c750-3dd1-3901-af7d-9e3fa90dad60
|t 0
|
| 952 |
f |
f |
|p ric
|a Texas A&M University
|b Rellis Campus
|c Joint Library Facility
|d Remote Storage
|t 0
|e HC45 .O3
|h Library of Congress classification
|i unmediated -- volume
|m A14800696311
|
| 998 |
f |
f |
|a HC45 .O3
|t 0
|l Remote Storage
|